Logo BPK

Biblioteka

Politechniki Koszalińskiej

Das Dritte Reich / (Rekord nr 54560)

Szczegóły MARC
000 -ETYKIETA REKORDU
podpole kontrolne o stałej długości 00759nam a2200265 i 4500
001 - NUMER KONTROLNY REKORDU
pole kontrolne bg
020 ## - MIĘDZYNARODOWY ZNORMALIZOWANY NUMER KSIĄŻKI - ISBN
ISBN 9783129296363
040 ## - ŹRÓDŁO KATALOGOWANIA
Instytucja, która utworzyła rekord BPK
041 0# - KOD JĘZYKA
Kod języka tekstu ger
044 ## - KOD KRAJU WYDAWCY/PRODUCENTA
Kod kraju wydawcy/producenta DEU
080 ## - UNIWERSALNA KLASYFIKACJA DZIESIĘTNA - UKD
UKD 94(430)"19"
920 ## - Międzynarodowy znormalizowany numer książki – ISBN
ISBN 978-3-12-929636-3
008 - POLE O STAŁEJ DŁUGOŚCI - DANE KONTROLNE
podpole kontrolne o stałej długości s pl f |000 0 pol
100 1# - NAZWA OSOBOWA
Nazwa osobowa Göbel, Walter.
245 10 - TYTUŁ/ODPOWIEDZIALNOŚĆ
Tytuł Das Dritte Reich /
Pozostałe elementy strefy tytułu i oznaczenia odpowiedzialności Walter Göbel.
250 ## - STREFA WYDANIA
Oznaczenie wydania Aufl. 5.
260 ## - STREFA ADRESU WYDAWNICZEGO
Miejsce wydania Stuttgart [etc.] :
Nazwa wydawcy/dystrybutora Ernst Klett Verlag,
Data publikacji, dystrybucji/powstania dokumentu 2007.
300 ## - STREFA OPISU FIZYCZNEGO
Objętość 175 s. :
Inne cechy fizyczne fot., mapy, rys., wykr. ;
Rozmiary 24 cm.
490 1# - STREFA SERII I DOKUMENTU WIELOCZĘŚCIOWEGO - FORMA NIE DO WYSZUKIWANIA
Tytuł i oznaczenie odpowiedzialności serii Abiturwissen Geschichte
651 #9 - HASŁO PRZEDMIOTOWE W FORMIE NAZWY GEOGRAFICZNEJ
Nazwa geograficzna Niemcy
Określnik ogólny historia
Określnik chronologiczny 1933-1945 r.
655 ## - TERMIN INDEKSOWY - OKREŚLENIE RODZAJU/FORMY DOKUMENTU
Określenie rodzaju/formy dokumentu Podręczniki
830 ## - HASŁO DODATKOWE SERII LUB DOKUMENTU WIELOCZĘŚCIOWEGO - TYTUŁ UJEDNOLICONY
Tytuł ujednolicony Abiturwissen Geschichte
856 ## - LOKALIZACJA I DOSTĘP DO ELEKTRONICZNYCH DOKUMENTÓW ZDALNYCH
Link (URL) http://koha.tu.koszalin.pl/cgi-bin/koha/opac-detail.pl?biblionumber=54560
Tekst linku Katalog online BPK
942 ## - DODATKOWE ELEMENTY (KOHA)
Typ dokumentu Książka
Egzemplarze
Wycofany Status egzemplarza Uszkodzony Dostępność Lokalizacja stała Lokalizacja bieżąca Miejsce przechowywania Sygnatura Kod kreskowy Dział Typ dokumentu
      Tylko na miejscu Biblioteka Politechniki Koszalińskiej Biblioteka Politechniki Koszalińskiej Czytelnia Wydziałowa ul. Kwiatkowskiego 6e 86109 02403465 94(430) Historia Niemiec Książka
© 2023 Biblioteka Politechniki Koszalińskiej :: KOHA